<?xml version="1.0" encoding="UTF-8"?>
<record
    xmlns:xsi="http://www.w3.org/2001/XMLSchema-instance"
    xsi:schemaLocation="http://www.loc.gov/MARC21/slim http://www.loc.gov/standards/marcxml/schema/MARC21slim.xsd"
    xmlns="http://www.loc.gov/MARC21/slim">

  <leader>01179nam a22001937a 4500</leader>
  <datafield tag="999" ind1=" " ind2=" ">
    <subfield code="c">63218</subfield>
    <subfield code="d">63218</subfield>
  </datafield>
  <controlfield tag="003">Ge_BSU</controlfield>
  <controlfield tag="005">20250701105958.0</controlfield>
  <controlfield tag="008">250701s2006    ge ||||| |||| 00| 0 geo d</controlfield>
  <datafield tag="041" ind1=" " ind2=" ">
    <subfield code="a">geo</subfield>
  </datafield>
  <datafield tag="080" ind1=" " ind2=" ">
    <subfield code="a">81'374.822=353.1=111 &#x10D3;-45</subfield>
  </datafield>
  <datafield tag="245" ind1=" " ind2=" ">
    <subfield code="a">&#x10D3;&#x10D8;&#x10D3;&#x10D8; &#x10E5;&#x10D0;&#x10E0;&#x10D7;&#x10E3;&#x10DA;-&#x10D8;&#x10DC;&#x10D2;&#x10DA;&#x10D8;&#x10E1;&#x10E3;&#x10E0;&#x10D8; &#x10DA;&#x10D4;&#x10E5;&#x10E1;&#x10D8;&#x10D9;&#x10DD;&#x10DC;&#x10D8; = A Comprehensive Georgian-English Dictionary : </subfield>
    <subfield code="b"> [2 &#x10E2;&#x10DD;&#x10DB;&#x10D0;&#x10D3;]. &#x10E2;. 2, &#x10DB; - &#x10F0; /</subfield>
    <subfield code="c">&#x10E8;&#x10D4;&#x10DB;&#x10D3;&#x10D2;.: &#x10E0;&#x10E3;&#x10E1;&#x10E3;&#x10D3;&#x10D0;&#x10DC; &#x10D0;&#x10DB;&#x10D8;&#x10E0;&#x10D4;&#x10EF;&#x10D8;&#x10D1;&#x10D8;, &#x10E8;&#x10E3;&#x10E5;&#x10D8;&#x10D0; &#x10D0;&#x10E4;&#x10E0;&#x10D8;&#x10D3;&#x10DD;&#x10DC;&#x10D8;&#x10EB;&#x10D4;..., &#x10D3;&#x10DD;&#x10DC;&#x10D0;&#x10DA;&#x10D3; &#x10E0;&#x10D4;&#x10D8;&#x10E4;&#x10D8;&#x10DA;&#x10D3;&#x10D8; (&#x10DB;&#x10D7;. &#x10E0;&#x10D4;&#x10D3;.) &#x10D3;&#x10D0; &#x10E1;&#x10EE;&#x10D5;.</subfield>
  </datafield>
  <datafield tag="264" ind1=" " ind2=" ">
    <subfield code="a">&#x10DA;&#x10DD;&#x10DC;&#x10D3;&#x10DD;&#x10DC;&#x10D8; :</subfield>
    <subfield code="b"> &#x10D2;&#x10D0;&#x10E0;&#x10DC;&#x10D4;&#x10E2;&#x10D8;, </subfield>
    <subfield code="c">2006.</subfield>
  </datafield>
  <datafield tag="300" ind1=" " ind2=" ">
    <subfield code="a">1728 &#x10D2;&#x10D5;.</subfield>
    <subfield code="b">28 &#x10E1;&#x10DB;.</subfield>
  </datafield>
  <datafield tag="653" ind1=" " ind2=" ">
    <subfield code="a">&#x10DA;&#x10D4;&#x10E5;&#x10E1;&#x10D8;&#x10D9;&#x10DD;&#x10DC;&#x10D8;</subfield>
  </datafield>
  <datafield tag="700" ind1=" " ind2=" ">
    <subfield code="a">&#x10D0;&#x10DB;&#x10D8;&#x10E0;&#x10D4;&#x10EF;&#x10D8;&#x10D1;&#x10D8;, &#x10E0;&#x10E3;&#x10E1;&#x10E3;&#x10D3;&#x10D0;&#x10DC;</subfield>
    <subfield code="e">&#x10E8;&#x10D4;&#x10DB;&#x10D3;&#x10D2;&#x10D4;&#x10DC;&#x10D4;&#x10DA;&#x10D8;</subfield>
    <subfield code="9">25580</subfield>
  </datafield>
  <datafield tag="700" ind1=" " ind2=" ">
    <subfield code="a">&#x10D0;&#x10E4;&#x10E0;&#x10D8;&#x10D3;&#x10DD;&#x10DC;&#x10D8;&#x10EB;&#x10D4;, &#x10E8;&#x10E3;&#x10E5;&#x10D8;&#x10D0;  </subfield>
    <subfield code="e">&#x10E8;&#x10D4;&#x10DB;&#x10D3;&#x10D2;&#x10D4;&#x10DC;&#x10D4;&#x10DA;&#x10D8;</subfield>
    <subfield code="9">1198</subfield>
  </datafield>
  <datafield tag="700" ind1=" " ind2=" ">
    <subfield code="a">&#x10D3;&#x10DD;&#x10DC;&#x10D0;&#x10DA;&#x10D3; &#x10E0;&#x10D4;&#x10D8;&#x10E4;&#x10D8;&#x10DA;&#x10D3;&#x10D8; &#x10D3;&#x10D0; &#x10E1;&#x10EE;&#x10D5;.</subfield>
    <subfield code="e">&#x10E8;&#x10D4;&#x10DB;&#x10D3;&#x10D2;&#x10D4;&#x10DC;&#x10D4;&#x10DA;&#x10D8;, &#x10DB;&#x10D7;. &#x10E0;&#x10D4;&#x10D3;&#x10D0;&#x10E5;&#x10E2;&#x10DD;&#x10E0;&#x10D8;</subfield>
    <subfield code="9">25581</subfield>
  </datafield>
  <datafield tag="942" ind1=" " ind2=" ">
    <subfield code="2">udc</subfield>
    <subfield code="c">&#x1CAC;&#x1C98;&#x1C92;&#x1C9C;&#x1C98;</subfield>
  </datafield>
  <datafield tag="952" ind1=" " ind2=" ">
    <subfield code="0">0</subfield>
    <subfield code="1">0</subfield>
    <subfield code="2">udc</subfield>
    <subfield code="4">0</subfield>
    <subfield code="6">813748223531111_&#x10D3;45</subfield>
    <subfield code="7">0</subfield>
    <subfield code="9">103573</subfield>
    <subfield code="a">CPL</subfield>
    <subfield code="b">CPL</subfield>
    <subfield code="c">GEN</subfield>
    <subfield code="d">2025-07-01</subfield>
    <subfield code="g">200.00</subfield>
    <subfield code="o">81'374.822=353.1=111 &#x10D3;-45</subfield>
    <subfield code="p">72005</subfield>
    <subfield code="r">2025-07-01</subfield>
    <subfield code="t">72005</subfield>
    <subfield code="w">2025-07-01</subfield>
    <subfield code="y">&#x1CAC;&#x1C98;&#x1C92;&#x1C9C;&#x1C98;</subfield>
    <subfield code="z">200 &#x10DA;.</subfield>
  </datafield>
</record>
